[Event "Acropolis 2007"]
[Site "Athens"]
[Date "2007.08.16"]
[Round "3.26"]
[White "Grapsa, Georgia"]
[Black "Zawadzka, Jolanta"]
[Result "0-1"]
[WhiteElo "2076"]
[BlackElo "2354"]
[Annotator "Michailidis Anastasios"]
[PlyCount "88"]
[EventDate "2007.08.14"]
[Source "Greek Chess Fed"]

1. d4 Nf6 2. c4 g6 3. Nc3 Bg7 4. e4 d6 5. Nge2 O-O 6. Ng3 a6 7. h4 c5 8. d5 b5
9. cxb5 Nbd7 10. Bg5 Ne5 11. f4 Neg4 12. f5 h5 13. Be2 axb5 14. Bxb5 Ba6 15.
Bxa6 Rxa6 16. O-O Qb6 17. Qd2 Rb8 18. Rab1 Qb4 19. a3 Qd4+ 20. Kh1 Qxd2 21.
Bxd2 Rab6 22. Nd1 Rb3 23. Rf3 Nd7 24. fxg6 fxg6 25. Ne2 R3b7 26. b4 Nde5 27.
Rfb3 cxb4 28. Rxb4 Rxb4 29. Rxb4 Re8 30. Rb3 Nd7 31. Bb4 Nc5 32. Rf3 Nxe4 33.
Nf4 Rc8 34. Nxg6 Rc1 35. Nxe7+ Kh7 36. g3 Rxd1+ 37. Kg2 Bf6 38. Rf4 Bxe7 39.
Rxe4 Bf8 40. Rf4 Kg7 41. Bc3+ Kg8 42. Bd4 Bh6 43. Re4 Rd2+ 44. Kf1 Nh2+ 0-1

[Event "Acropolis 2007"]
[Site "Athens"]
[Date "2007.08.16"]
[Round "3.28"]
[White "Grigoriadis, Alexandros"]
[Black "Georgieva, Emilia"]
[Result "1-0"]
[WhiteElo "2362"]
[BlackElo "2023"]
[Annotator "Michailidis Anastasios"]
[PlyCount "67"]
[EventDate "2007.08.14"]
[Source "Greek Chess Fed"]

1. Nf3 Nf6 2. c4 g6 3. Nc3 Bg7 4. g3 b6 5. Bg2 Bb7 6. d4 O-O 7. O-O d6 8. Re1
Nbd7 9. e4 e5 10. b3 Re8 11. Bb2 h6 12. Qd2 a6 13. Rad1 Kh7 14. Qc2 Qe7 15. Nd5
Nxd5 16. cxd5 Rac8 17. Bh3 f6 18. Qd2 Rf8 19. Nh4 h5 20. f4 Bh6 21. Qf2 exf4
22. gxf4 Rg8 23. Be6 Rg7 24. Kh1 Re8 25. f5 g5 26. Ng6 Rxg6 27. fxg6+ Kxg6 28.
Qf5+ Kg7 29. Bxd7 Rd8 30. Be6 Re8 31. Rf1 c6 32. dxc6 Bxc6 33. d5 Bb5 34. Bxf6+
1-0

[Event "Acropolis 2007"]
[Site "Athens"]
[Date "2007.08.16"]
[Round "3.29"]
[White "Krivec, Jana"]
[Black "Karlovich, Anastazia"]
[Result "0-1"]
[WhiteElo "2340"]
[BlackElo "2207"]
[Annotator "Michailidis Anastasios"]
[PlyCount "81"]
[EventDate "2007.08.14"]
[Source "Greek Chess Fed"]

1. e4 e5 2. Nc3 Nf6 3. g3 d5 4. exd5 Nxd5 5. Bg2 Ne7 6. Nf3 Nbc6 7. O-O g6 8.
b4 a6 9. a4 Bg7 10. Ba3 O-O 11. b5 Nd4 12. Nxd4 exd4 13. Ne4 Re8 14. Qf3 Nf5
15. Rfb1 axb5 16. axb5 Ra4 17. Qd3 b6 18. Bb4 Rxa1 19. Rxa1 Be6 20. h4 h6 21.
Ra7 Ne7 22. c4 f5 23. h5 fxe4 24. Bxe4 Bf5 25. Bxf5 gxf5 26. Bxe7 Qxe7 27. Qxf5
Rf8 28. Ra8 Rxa8 29. Qd5+ Qf7 30. Qxa8+ Bf8 31. Qc6 d3 32. Kg2 Bc5 33. f3 Bd6
34. Qe4 Qxh5 35. Qxd3 Qg5 36. g4 Kg7 37. Qe2 Qh4 38. Qe4 Qh2+ 39. Kf1 Qxd2 40.
Qe6 Qc1+ 41. Kg2 0-1

[Event "Acropolis 2007"]
[Site "Athens"]
[Date "2007.08.16"]
[Round "3.30"]
[White "Burtasova, Anna"]
[Black "Delithanasis, Dimitrios"]
[Result "1-0"]
[WhiteElo "2337"]
[BlackElo "2217"]
[Annotator "Michailidis Anastasios"]
[PlyCount "55"]
[EventDate "2007.08.14"]
[Source "Greek Chess Fed"]

1. e4 c5 2. c3 e6 3. d4 d5 4. e5 Nc6 5. Nf3 Qb6 6. a3 a5 7. Bd3 Bd7 8. O-O Nge7
9. dxc5 Qc7 10. Re1 Ng6 11. Be3 Be7 12. Bd4 a4 13. Nbd2 Nd8 14. c4 Bxc5 15.
cxd5 Bxd4 16. Nxd4 O-O 17. d6 Qb6 18. Qg4 h5 19. Nc4 Qa7 20. Qxh5 Qxd4 21. Re3
Be8 22. d7 Bxd7 23. Rh3 Re8 24. Bxg6 fxg6 25. Qh8+ Kf7 26. Rf3+ Ke7 27. Qxg7+
Nf7 28. Qf6+ 1-0

[Event "Acropolis 2007"]
[Site "Athens"]
[Date "2007.08.16"]
[Round "3.31"]
[White "Kadimova, Ilaha"]
[Black "Papadopoulou, Vera"]
[Result "0-1"]
[WhiteElo "2316"]
[BlackElo "2192"]
[Annotator "Michailidis Anastasios"]
[PlyCount "56"]
[EventDate "2007.08.14"]
[Source "Greek Chess Fed"]

1. d4 Nf6 2. c4 e6 3. Nc3 Bb4 4. Qc2 O-O 5. a3 Bxc3+ 6. Qxc3 Qe8 7. f3 d6 8.
Bg5 Nfd7 9. c5 f6 10. Bh4 dxc5 11. dxc5 Nc6 12. e4 f5 13. exf5 exf5+ 14. Be2 f4
15. g4 Nde5 16. Kf1 Be6 17. Re1 Qf7 18. Kg2 Bc4 19. h3 Rae8 20. Rh2 Bxe2 21.
Rxe2 Nc4 22. Kh1 Ne3 23. Re1 Ne5 24. Rd2 Qe6 25. Bf2 Nxf3 26. Nxf3 Qe4 27. Qb3+
Kh8 28. Qd5 Qxd5 0-1

[Event "Acropolis 2007"]
[Site "Athens"]
[Date "2007.08.16"]
[Round "3.32"]
[White "Goumas, Georgios"]
[Black "Lauridsen, Jesper Morck"]
[Result "1/2-1/2"]
[WhiteElo "2183"]
[BlackElo "2302"]
[Annotator "Michailidis Anastasios"]
[PlyCount "54"]
[EventDate "2007.08.14"]
[Source "Greek Chess Fed"]

1. e4 c5 2. b3 d6 3. Bb2 Nf6 4. Nc3 Nc6 5. Bb5 e5 6. f4 exf4 7. Qf3 Be7 8. Qxf4
O-O 9. Bxc6 bxc6 10. O-O-O Ng4 11. h3 Ne5 12. g4 Ng6 13. Qg3 d5 14. Nf3 d4 15.
Nb1 Bd6 16. Qf2 Qa5 17. Na3 Be6 18. Qf1 Nf4 19. Kb1 Rab8 20. Nc4 Bxc4 21. Qxc4
Qb5 22. Qf1 d3 23. c4 Qa5 24. Ne5 Bxe5 25. Bxe5 Rxb3+ 26. axb3 Qa3 27. Qxf4
Qxb3+ 1/2-1/2

[Event "Acropolis 2007"]
[Site "Athens"]
[Date "2007.08.16"]
[Round "3.33"]
[White "Fakhiridou, Ekaterini"]
[Black "Makka, Ioulia"]
[Result "1-0"]
[WhiteElo "2284"]
[BlackElo "2187"]
[Annotator "Michailidis Anastasios"]
[PlyCount "69"]
[EventDate "2007.08.14"]
[Source "Greek Chess Fed"]

1. e4 e6 2. d4 d5 3. Nc3 Bb4 4. Nge2 dxe4 5. a3 Be7 6. Nxe4 Nf6 7. Nxf6+ Bxf6
8. c3 O-O 9. Be3 Nc6 10. Ng3 e5 11. d5 Ne7 12. Bc4 Nf5 13. Nxf5 Bxf5 14. O-O
Qd7 15. Qb3 b6 16. Bb5 Qe7 17. c4 Bg5 18. Bxg5 Qxg5 19. Rfe1 Bg6 20. a4 a5 21.
c5 bxc5 22. Rac1 e4 23. Rxc5 Rfd8 24. Qe3 Qh5 25. d6 Qg4 26. dxc7 Rf8 27. Rec1
Bf5 28. h3 Qg6 29. Bc6 Rac8 30. Bb7 h6 31. Bxc8 Bxc8 32. Rd1 f5 33. Rd8 Qf6 34.
Qc3 Qe7 35. Re5 1-0

[Event "Acropolis 2007"]
[Site "Athens"]
[Date "2007.08.16"]
[Round "3.35"]
[White "Stiri, Alexandra"]
[Black "Pavlidis, Anastasios"]
[Result "0-1"]
[WhiteElo "2251"]
[BlackElo "2182"]
[Annotator "Michailidis Anastasios"]
[PlyCount "132"]
[EventDate "2007.08.14"]
[Source "Greek Chess Fed"]

1. e4 c5 2. Nf3 d6 3. d4 Nf6 4. Nc3 cxd4 5. Nxd4 a6 6. Bc4 e6 7. Bb3 b5 8. Bg5
Be7 9. Qf3 Qc7 10. O-O-O Nbd7 11. Rhe1 O-O 12. Qg3 Nc5 13. e5 dxe5 14. Qxe5 Bd6
15. Qe2 Bf4+ 16. Bxf4 Qxf4+ 17. Kb1 Nxb3 18. axb3 Bb7 19. g3 Qc7 20. f4 Rac8
21. f5 exf5 22. Nxf5 Rfe8 23. Qd2 Ne4 24. Nxe4 Bxe4 25. Rxe4 Rxe4 26. Nd6 Rd8
27. Nxe4 Rxd2 28. Rxd2 h6 29. c3 Qe5 30. Nd6 f5 31. c4 f4 32. gxf4 Qxf4 33. Kc2
Qe5 34. b4 bxc4 35. Nxc4 Qe4+ 36. Kc3 Qf4 37. Rd6 Qxh2 38. Rxa6 Qh3+ 39. Kc2
Qf5+ 40. Kc3 Qf3+ 41. Kd4 h5 42. b5 h4 43. b6 h3 44. Kc5 h2 45. Ra1 h1=Q 46.
Rxh1 Qxh1 47. b4 Kf8 48. Nd6 Qa8 49. b7 Qb8 50. Kc6 Ke7 51. Nc8+ Kd8 52. Kb6 g5
53. b5 g4 54. Na7 Qc7+ 55. Ka6 Kd7 56. Nc6 g3 57. b8=Q Qxb8 58. Nxb8+ Kc7 59.
Ka7 g2 60. b6+ Kd6 61. Na6 g1=Q 62. Nb4 Kc5 63. Na6+ Kb5 64. Nc7+ Kc6 65. Na8
Qa1+ 66. Kb8 Qa6 0-1

[Event "Acropolis 2007"]
[Site "Athens"]
[Date "2007.08.16"]
[Round "3.37"]
[White "Sorokina, Anastasia"]
[Black "Seretakis, Nikolas"]
[Result "0-1"]
[WhiteElo "2208"]
[BlackElo "2233"]
[Annotator "Michailidis Anastasios"]
[PlyCount "60"]
[EventDate "2007.08.14"]
[Source "Greek Chess Fed"]

1. e4 Nf6 2. Nc3 d5 3. e5 Nfd7 4. d4 c5 5. f4 cxd4 6. Qxd4 e6 7. Bb5 Nc6 8. Qf2
Bc5 9. Qg3 O-O 10. Bxc6 bxc6 11. f5 exf5 12. Bh6 g6 13. Bxf8 Bxf8 14. Nge2 Bg7
15. O-O Nxe5 16. Kh1 Ba6 17. Rfe1 Ng4 18. Nf4 Qb6 19. h3 Nf2+ 20. Kh2 Ne4 21.
Nxe4 fxe4 22. h4 Be5 23. Qg5 f6 24. Qg3 Qc7 25. Qa3 Bxf4+ 26. g3 Bd6 27. b4 Bc8
28. Rf1 Qd7 29. Rh1 Be5 30. Raf1 Qh3+ 0-1

[Event "Acropolis 2007"]
[Site "Athens"]
[Date "2007.08.16"]
[Round "3.39"]
[White "Parginos, Vassilios"]
[Black "Makka, Evanthia"]
[Result "1/2-1/2"]
[WhiteElo "2226"]
[BlackElo "2107"]
[Annotator "Michailidis Anastasios"]
[PlyCount "116"]
[EventDate "2007.08.14"]
[Source "Greek Chess Fed"]

1. d4 Nf6 2. c4 e6 3. Nc3 Bb4 4. Qc2 Nc6 5. Nf3 O-O 6. a3 Bxc3+ 7. bxc3 d6 8.
e4 e5 9. Bd3 a5 10. h3 a4 11. Be3 Qe7 12. O-O Bd7 13. Nd2 Nh5 14. f4 Nxf4 15.
Bxf4 exf4 16. Rxf4 Qg5 17. Rf3 h6 18. Kh2 Ne7 19. Raf1 Qh5 20. Qb1 b6 21. Qe1
Kh8 22. Rf4 Kg8 23. R1f3 Ng6 24. Rf5 Bxf5 25. exf5 Nh8 26. g4 Qg5 27. Ne4 Qd8
28. f6 Ng6 29. h4 Qd7 30. Qg3 Rfe8 31. h5 Nf8 32. g5 g6 33. gxh6 Ra5 34. c5
bxc5 35. Ng5 Rb8 36. Bf5 Qe8 37. Re3 Rb2+ 38. Kh3 Qa8 39. Be4 Qc8+ 40. Kh4 cxd4
41. hxg6 Nxg6+ 42. Bxg6 Rxg5 43. Bxf7+ Kh7 44. Kxg5 dxe3 45. Kh4 Rh2+ 46. Qxh2
Qf5 47. Bg8+ Kh8 48. f7 Qe4+ 49. Kh3 Qf5+ 50. Kg3 Qe5+ 51. Kg2 Qe4+ 52. Kf1
Qb1+ 53. Kg2 Qe4+ 54. Kh3 Qf5+ 55. Kh4 Qe4+ 56. Kg5 Qe7+ 57. Kg6 Qe6+ 58. Kh5
Qf5+ 1/2-1/2

[Event "Acropolis 2007"]
[Site "Athens"]
[Date "2007.08.16"]
[Round "3.40"]
[White "Kokolias, Konstantinos"]
[Black "Stefanidi, Maria Anna"]
[Result "1/2-1/2"]
[WhiteElo "2224"]
[BlackElo "2092"]
[Annotator "Michailidis Anastasios"]
[PlyCount "42"]
[EventDate "2007.08.14"]
[Source "Greek Chess Fed"]

1. b3 e6 2. Bb2 Nf6 3. e3 Be7 4. g4 Nc6 5. g5 Ne4 6. d3 Nd6 7. Qh5 e5 8. Nf3 g6
9. Qg4 f6 10. Nbd2 Nf7 11. gxf6 Bxf6 12. O-O-O d5 13. Qg3 Be6 14. h4 Qe7 15.
Bh3 O-O-O 16. Bxe6+ Qxe6 17. Ng5 Bxg5 18. hxg5 Qf5 19. Rdg1 Nd6 20. Qg2 d4 21.
Qh3 Rhf8 1/2-1/2

[Event "Acropolis 2007"]
[Site "Athens"]
[Date "2007.08.17"]
[Round "4.3"]
[White "Romanishin, Oleg M"]
[Black "Gelashvili, Tamaz"]
[Result "1/2-1/2"]
[WhiteElo "2546"]
[BlackElo "2604"]
[Annotator "Michailidis Anastasios"]
[PlyCount "37"]
[EventDate "2007.08.14"]
[Source "Greek Chess Fed"]

1. d4 Nf6 2. Nf3 e6 3. g3 b5 4. Bg2 Bb7 5. Bg5 Be7 6. Qd3 b4 7. c4 d6 8. a3 a5
9. axb4 axb4 10. Rxa8 Bxa8 11. O-O Nbd7 12. Nbd2 c5 13. Ra1 O-O 14. Nb3 Be4 15.
Qe3 Qc7 16. dxc5 dxc5 17. Bxf6 Nxf6 18. Ne1 Bg6 19. Nd3 1/2-1/2

[Event "Acropolis 2007"]
[Site "Athens"]
[Date "2007.08.17"]
[Round "4.5"]
[White "Halkias, Stelios"]
[Black "Nikolaidis, Ioannis"]
[Result "1/2-1/2"]
[WhiteElo "2580"]
[BlackElo "2525"]
[Annotator "Michailidis Anastasios"]
[PlyCount "85"]
[EventDate "2007.08.14"]
[Source "Greek Chess Fed"]

1. d4 d5 2. Nf3 e6 3. c4 a6 4. Nc3 dxc4 5. e4 b5 6. a4 b4 7. Ne2 c5 8. d5 Nf6
9. Nf4 Bb7 10. Bxc4 exd5 11. Nxd5 Nxd5 12. Bxd5 Bxd5 13. Qxd5 Qxd5 14. exd5 Be7
15. Ne5 O-O 16. Be3 Bf6 17. Nc4 Nd7 18. O-O-O b3 19. Bf4 Ra7 20. Kb1 Rb7 21.
Rd3 Bd4 22. Be3 Rb4 23. Rc1 f6 24. Bd2 Rbb8 25. Na5 Bxf2 26. Rxb3 Ne5 27. Rxb8
Rxb8 28. Bc3 Rd8 29. Bxe5 fxe5 30. Nc6 Rd7 31. Rf1 Bd4 32. Re1 g6 33. Kc2 Kg7
34. Nxe5 Rxd5 35. Nc4 Rf5 36. Re2 Rf1 37. Nd6 h5 38. Ne8+ Kh6 39. Nc7 Ra1 40.
b3 c4 41. bxc4 Rxa4 42. Kd3 Bg1 43. Ne6 1/2-1/2

[Event "Acropolis 2007"]
[Site "Athens"]
[Date "2007.08.17"]
[Round "4.6"]
[White "Filippas, Sebastian"]
[Black "Chatalbashev, Boris"]
[Result "0-1"]
[WhiteElo "2145"]
[BlackElo "2573"]
[Annotator "Michailidis Anastasios"]
[PlyCount "90"]
[EventDate "2007.08.14"]
[Source "Greek Chess Fed"]

1. e4 c5 2. Nf3 g6 3. Bc4 Bg7 4. O-O Nc6 5. Re1 e6 6. c3 Nge7 7. d4 cxd4 8.
cxd4 d5 9. exd5 exd5 10. Bb5 O-O 11. h3 Nf5 12. Bxc6 bxc6 13. Nc3 Rb8 14. Na4
Qd6 15. b3 h5 16. Bb2 Be6 17. Nc5 Rfe8 18. Qd3 Bf6 19. Rac1 Ng7 20. Qa6 Rbc8
21. Ba3 Qc7 22. Nb7 Nf5 23. Bc5 Qf4 24. Na5 Nh4 25. Nxh4 Bxh4 26. Qf1 Qc7 27.
b4 Bg5 28. Rc2 h4 29. Qa6 Bf5 30. Rxe8+ Rxe8 31. Re2 Qd7 32. Rxe8+ Qxe8 33.
Bxa7 Bf4 34. Kf1 Bd2 35. Kg1 Bf4 36. Kf1 Qe4 37. Nb3 Qb1+ 38. Ke2 Qc2+ 39. Ke1
Bd3 40. Qc8+ Kg7 41. Qg4 Qc3+ 42. Kd1 Bc2+ 43. Ke2 Qd3+ 44. Ke1 Bxb3 45. axb3
Bd2+ 0-1

[Event "Acropolis 2007"]
[Site "Athens"]
[Date "2007.08.17"]
[Round "4.12"]
[White "Grivas, Efstratios"]
[Black "Erturan, Yakup"]
[Result "1/2-1/2"]
[WhiteElo "2507"]
[BlackElo "2389"]
[Annotator "Michailidis Anastasios"]
[PlyCount "20"]
[EventDate "2007.08.14"]
[Source "Greek Chess Fed"]

1. Nf3 Nf6 2. g3 d5 3. Bg2 e6 4. O-O Be7 5. d4 O-O 6. c4 dxc4 7. Qc2 Nc6 8.
Qxc4 Bd7 9. Bg5 Nd5 10. Bxe7 Qxe7 1/2-1/2

[Event "Acropolis 2007"]
[Site "Athens"]
[Date "2007.08.17"]
[Round "4.14"]
[White "Esen, Baris"]
[Black "Karagiannis, Athanasios"]
[Result "1-0"]
[WhiteElo "2441"]
[BlackElo "2349"]
[Annotator "Michailidis Anastasios"]
[PlyCount "45"]
[EventDate "2007.08.14"]
[Source "Greek Chess Fed"]

1. d4 d5 2. c4 c6 3. Nf3 e6 4. Qc2 f5 5. Bf4 Nf6 6. e3 Bd6 7. Nc3 O-O 8. Bd3
Bxf4 9. exf4 Ne4 10. O-O Rf6 11. g3 Rh6 12. Ne5 Nd7 13. Bxe4 fxe4 14. f3 Nxe5
15. fxe5 b6 16. cxd5 Ba6 17. Rf2 Bd3 18. Qd2 cxd5 19. Qe3 Ba6 20. fxe4 dxe4 21.
Nxe4 Rg6 22. Nd6 Qh4 23. Qf3 1-0

[Event "Acropolis 2007"]
[Site "Athens"]
[Date "2007.08.17"]
[Round "4.19"]
[White "Karlovich, Anastazia"]
[Black "Managadze, Nikoloz"]
[Result "0-1"]
[WhiteElo "2207"]
[BlackElo "2433"]
[Annotator "Michailidis Anastasios"]
[PlyCount "102"]
[EventDate "2007.08.14"]
[Source "Greek Chess Fed"]

1. e4 c6 2. d4 g6 3. g3 Bg7 4. Bg2 d6 5. Nc3 Nf6 6. Nge2 O-O 7. O-O Nbd7 8. h3
e5 9. Be3 Re8 10. g4 b5 11. Ng3 Nb6 12. Nce2 Nfd7 13. c3 c5 14. b3 Bb7 15. dxc5
Nxc5 16. Qc2 Rc8 17. Rad1 Qe7 18. Rd2 Red8 19. Rfd1 a5 20. Qb1 Na8 21. Qb2 b4
22. a3 Nc7 23. axb4 axb4 24. cxb4 N5a6 25. Bb6 Rd7 26. Nc3 Bh6 27. Re2 Nxb4 28.
Qa3 Nca6 29. Na4 Bc6 30. Ba5 Bxa4 31. Bxb4 Bb5 32. Bxd6 Qd8 33. Ra2 Rc6 34. Rd5
Rdxd6 35. Rxb5 Bc1 36. Qa5 Nc7 37. Qb4 Nxb5 38. Qxb5 Bf4 39. Nf1 Qb6 40. Qa4
Rd4 41. Qa8+ Kg7 42. Qe8 Rd8 43. Qe7 Qxb3 44. Ra7 Rf8 45. h4 Rc2 46. Ra6 Qb2
47. Qf6+ Kg8 48. Qb6 Qxb6 49. Rxb6 Ra8 50. f3 Raa2 51. Bh3 Rc1 0-1

[Event "Acropolis 2007"]
[Site "Athens"]
[Date "2007.08.17"]
[Round "4.20"]
[White "Morchiashvili, Bachana"]
[Black "Logothetis, Sotirios"]
[Result "1/2-1/2"]
[WhiteElo "2415"]
[BlackElo "2300"]
[Annotator "Michailidis Anastasios"]
[PlyCount "62"]
[EventDate "2007.08.14"]
[Source "Greek Chess Fed"]

1. d4 d5 2. Nf3 Nf6 3. c4 c6 4. Nc3 e6 5. Bg5 Nbd7 6. e3 Qa5 7. cxd5 Nxd5 8.
Qd2 Bb4 9. Rc1 h6 10. Bh4 c5 11. a3 Bxc3 12. bxc3 b6 13. Bd3 Ba6 14. c4 Qxd2+
15. Nxd2 cxd4 16. exd4 Nf4 17. Be4 Rc8 18. Bg3 g5 19. Bxf4 gxf4 20. O-O Ke7 21.
Rfd1 Nf6 22. Bd3 Rhd8 23. Nb3 Rc7 24. Rc2 Bb7 25. f3 Bc6 26. c5 Ba4 27. cxb6
Rxc2 28. Bxc2 Bxb3 29. Bxb3 axb6 30. h4 Nd5 31. Bxd5 Rxd5 1/2-1/2

[Event "Acropolis 2007"]
[Site "Athens"]
[Date "2007.08.17"]
[Round "4.21"]
[White "Papadopoulos, Ioannis"]
[Black "Fakhiridou, Ekaterini"]
[Result "1-0"]
[WhiteElo "2395"]
[BlackElo "2284"]
[Annotator "Michailidis Anastasios"]
[PlyCount "87"]
[EventDate "2007.08.14"]
[Source "Greek Chess Fed"]

1. e4 c5 2. Nf3 d6 3. d4 cxd4 4. Nxd4 Nf6 5. Nc3 a6 6. Bg5 e6 7. f4 Nbd7 8. Qf3
Be7 9. O-O-O Qc7 10. Bd3 b5 11. Rhe1 Bb7 12. Qg3 b4 13. Nd5 exd5 14. exd5 Kd8
15. Nc6+ Bxc6 16. dxc6 Nc5 17. Bh4 g6 18. Rxe7 Qxe7 19. Re1 Ne6 20. f5 gxf5 21.
Bxf6 Qxf6 22. Qxd6+ Ke8 23. c7 Qh6+ 24. Kd1 Qf8 25. Rxe6+ fxe6 26. Qxe6+ Qe7
27. c8=R+ Rxc8 28. Qxc8+ Qd8 29. Qe6+ Qe7 30. Qc8+ Qd8 31. Qe6+ Qe7 32. Qxa6
Qe5 33. Qa4+ Kf7 34. Qxb4 Re8 35. g3 Qe3 36. Qb7+ Kf6 37. Qh1 h5 38. a4 Re5 39.
Qf1 Qd4 40. Kc1 Qxa4 41. c3 h4 42. Qf2 h3 43. Qb6+ Kg5 44. Qd8+ 1-0

[Event "Acropolis 2007"]
[Site "Athens"]
[Date "2007.08.17"]
[Round "4.22"]
[White "Atakisi, Umut"]
[Black "Pavlidis, Antonios"]
[Result "1-0"]
[WhiteElo "2383"]
[BlackElo "2175"]
[Annotator "Michailidis Anastasios"]
[PlyCount "97"]
[EventDate "2007.08.14"]
[Source "Greek Chess Fed"]

1. e4 e5 2. Nf3 Nc6 3. Bb5 a6 4. Ba4 Nf6 5. O-O Be7 6. Re1 b5 7. Bb3 O-O 8. d4
d6 9. c3 Bg4 10. d5 Na5 11. Bc2 c6 12. h3 Bh5 13. dxc6 Nxc6 14. Bg5 Qd7 15.
Nbd2 Rfd8 16. Bxf6 Bxf6 17. Bb3 Ne7 18. Nf1 Bg6 19. Qe2 Qb7 20. N1h2 d5 21.
exd5 Nxd5 22. Nxe5 Nf4 23. Qf3 Qxf3 24. Nhxf3 Bxe5 25. Nxe5 Rd2 26. Rad1 Rxb2
27. Nxg6 hxg6 28. Rd7 Ne2+ 29. Kh2 Rf8 30. c4 Nc3 31. cxb5 axb5 32. Re3 Nxa2
33. Rf3 Kh7 34. Bxf7 Ra8 35. Bd5 Rh8 36. Rff7 Kh6 37. Rxg7 Rxf2 38. Bg8 Kg5 39.
Rd5+ Kh6 40. Rdd7 Kg5 41. Kg3 Rc2 42. h4+ Kf5 43. Kh3 b4 44. Rgf7+ Ke5 45.
Rfe7+ Kf5 46. g4+ Kf4 47. Rd4+ Kf3 48. Bd5+ Kf2 49. Rf4+ 1-0

[Event "Acropolis 2007"]
[Site "Athens"]
[Date "2007.08.17"]
[Round "4.23"]
[White "Papadopoulou, Vera"]
[Black "Melia, Salome"]
[Result "1/2-1/2"]
[WhiteElo "2192"]
[BlackElo "2372"]
[Annotator "Michailidis Anastasios"]
[PlyCount "95"]
[EventDate "2007.08.14"]
[Source "Greek Chess Fed"]

1. d4 Nf6 2. Nf3 e6 3. Bg5 c5 4. e3 Be7 5. c3 b6 6. Nbd2 cxd4 7. exd4 O-O 8.
Bd3 Ba6 9. Qe2 Bxd3 10. Qxd3 Nc6 11. O-O Nd5 12. Bxe7 Ncxe7 13. Rfe1 h6 14. Ne4
Qc7 15. Rac1 Nf4 16. Qd2 b5 17. Ne5 Nfd5 18. c4 bxc4 19. Rxc4 Qd8 20. Rec1 Nf5
21. R4c2 Qh4 22. Ng3 Nxg3 23. hxg3 Qe7 24. Qa5 h5 25. a3 g6 26. Qb5 d6 27. Nf3
Rab8 28. Qa4 Kg7 29. b4 g5 30. Rc6 Rfd8 31. Qc2 g4 32. Nh4 Qf6 33. Qe4 a5 34.
bxa5 Rb3 35. a4 Ra3 36. R6c4 Ra8 37. Qe1 Qd8 38. Qe4 Rxa5 39. Rc8 Qg5 40. Rb1
Nc3 41. Qxe6 Qxh4 42. gxh4 fxe6 43. Rb7+ Kf6 44. Rf8+ Kg6 45. Rg8+ Kf6 46. Rf8+
Kg6 47. Rg8+ Kf6 48. Rf8+ 1/2-1/2

[Event "Acropolis 2007"]
[Site "Athens"]
[Date "2007.08.17"]
[Round "4.26"]
[White "Seretakis, Nikolas"]
[Black "Georgiadis, Ioannis"]
[Result "1/2-1/2"]
[WhiteElo "2233"]
[BlackElo "2413"]
[Annotator "Michailidis Anastasios"]
[PlyCount "75"]
[EventDate "2007.08.14"]
[Source "Greek Chess Fed"]

1. e4 c5 2. Nf3 d6 3. d4 cxd4 4. Nxd4 Nf6 5. Nc3 a6 6. Bc4 e6 7. Bb3 b5 8. Bg5
Be7 9. Qf3 Qc7 10. O-O-O Nbd7 11. e5 Bb7 12. Qg3 Nxe5 13. Bxe6 fxe6 14. f4 Bc8
15. fxe5 dxe5 16. Rhe1 O-O 17. Qxe5 Qxe5 18. Rxe5 Bd6 19. Re2 Bxh2 20. Nxe6 Re8
21. Bf4 Bxe6 22. Bxh2 Bg4 23. Rxe8+ Rxe8 24. Rd4 Re1+ 25. Kd2 Rh1 26. Be5 Rg1
27. g3 Bf5 28. Bxf6 gxf6 29. Rf4 Bg6 30. Ne2 Rg2 31. Rxf6 Bh5 32. Re6 Kf7 33.
Re5 Bxe2 34. Rxe2 Rxg3 35. Re5 Rf3 36. b3 Rf6 37. c4 bxc4 38. bxc4 1/2-1/2

[Event "Acropolis 2007"]
[Site "Athens"]
[Date "2007.08.17"]
[Round "4.27"]
[White "Draci, Robert"]
[Black "Can, Emre"]
[Result "0-1"]
[WhiteElo "2228"]
[BlackElo "2411"]
[Annotator "Michailidis Anastasios"]
[PlyCount "102"]
[EventDate "2007.08.14"]
[Source "Greek Chess Fed"]

1. e4 c5 2. Nf3 Nc6 3. d4 cxd4 4. Nxd4 g6 5. Nc3 Bg7 6. Be3 Nf6 7. Bc4 O-O 8.
f3 Qb6 9. Bb3 Ng4 10. Nd5 Nxe3 11. Nxb6 Bxd4 12. Qe2 Bxb6 13. c3 d6 14. h4 Na5
15. h5 Nxb3 16. axb3 d5 17. exd5 Nxd5 18. O-O-O Ne3 19. Rd3 Nf5 20. hxg6 fxg6
21. Qe5 Ng7 22. g4 Be6 23. Qg5 Rf7 24. c4 Raf8 25. Qh6 Ne8 26. Re1 Bc7 27. Kc2
Bf4 28. Qh4 Nc7 29. Qf2 b6 30. Re4 Rf6 31. Qe2 g5 32. Qe1 Bf7 33. Rd7 Bg6 34.
Rdxe7 Bd6 35. Rd7 Bxe4+ 36. Qxe4 R8f7 37. Rd8+ Bf8 38. Qe5 h6 39. Qe4 Ne6 40.
Ra8 Nc5 41. Qd5 Na6 42. Kb1 Rxf3 43. Qe6 Nc7 44. Qxh6 Nxa8 45. Qxg5+ Bg7 46.
Qd8+ Rf8 47. Qd5+ R3f7 48. g5 Nc7 49. Qc6 Rf2 50. Ka2 R8f5 51. b4 R5f3 0-1

[Event "Acropolis 2007"]
[Site "Athens"]
[Date "2007.08.17"]
[Round "4.28"]
[White "Kotrotsos, Vasilios"]
[Black "Exizoglou, Dimitrios"]
[Result "1/2-1/2"]
[WhiteElo "2337"]
[BlackElo "2224"]
[Annotator "Michailidis Anastasios"]
[PlyCount "34"]
[EventDate "2007.08.14"]
[Source "Greek Chess Fed"]

1. e4 c5 2. Nf3 d6 3. Bb5+ Nd7 4. d4 Ngf6 5. O-O a6 6. Bxd7+ Nxd7 7. Nc3 e6 8.
Bg5 Be7 9. Bxe7 Qxe7 10. dxc5 dxc5 11. e5 O-O 12. Qe2 b5 13. Ne4 Bb7 14. Rfd1
Rad8 15. Rd6 Bxe4 16. Qxe4 Nxe5 17. Rxd8 Nxf3+ 1/2-1/2

[Event "Acropolis 2007"]
[Site "Athens"]
[Date "2007.08.17"]
[Round "4.32"]
[White "Georgieva, Emilia"]
[Black "Makropoulou, Marina"]
[Result "0-1"]
[WhiteElo "2023"]
[BlackElo "2266"]
[Annotator "Michailidis Anastasios"]
[PlyCount "187"]
[EventDate "2007.08.14"]
[Source "Greek Chess Fed"]

1. d4 Nf6 2. Nf3 g6 3. Bg5 Bg7 4. e3 d5 5. Bd3 O-O 6. Nbd2 b6 7. c3 c5 8. O-O
Bb7 9. Qc2 Nc6 10. Rae1 Rc8 11. Qb1 Nd7 12. h3 f6 13. Bh4 e5 14. dxe5 Ndxe5 15.
Nxe5 Nxe5 16. Be2 Qe8 17. f4 Nf7 18. Bf3 Rc7 19. e4 d4 20. cxd4 cxd4 21. Qd3
Qa4 22. Qb3 Qa5 23. Nc4 Qc5 24. Rc1 Ba6 25. Nd2 Qd6 26. e5 fxe5 27. Ne4 Qd7 28.
Bg4 Rxc1 29. Bxd7 Bxf1 30. Kh2 Bc4 31. Qa3 Bd5 32. Qd3 Rc7 33. Ba4 Bc4 34. Qd1
Nh6 35. Nd6 b5 36. Nxb5 Bxb5 37. Bxb5 exf4 38. Qb3+ Kh8 39. Bg5 f3 40. gxf3
Rcf7 41. Bxh6 Bxh6 42. Bc6 Bg7 43. Be4 Rf6 44. Qd3 Re6 45. Kg2 Re7 46. b4 Rc7
47. a4 Rd8 48. Qa6 d3 49. Bxd3 Rc3 50. Be2 Rc2 51. Qe6 h6 52. f4 Rdd2 53. Kf3
Rxe2 54. Qxg6 Rf2+ 55. Ke3 Rfe2+ 56. Kf3 Rf2+ 57. Ke3 Rce2+ 58. Kd3 Rd2+ 59.
Ke3 Rde2+ 60. Kd3 Re7 61. f5 Re5 62. Qc6 Rexf5 63. Qa8+ Rf8 64. Qxa7 R2f3+ 65.
Ke2 Rxh3 66. b5 Re8+ 67. Kf2 Rb3 68. Qd7 Rb2+ 69. Kf3 Rf8+ 70. Ke3 Rb3+ 71. Ke2
Rb2+ 72. Ke3 Rb1 73. Qc6 Re1+ 74. Kd2 Re7 75. Qb6 Rd7+ 76. Ke2 Re8+ 77. Kf3
Rd3+ 78. Kg4 Rd4+ 79. Kg3 Rxa4 80. Qc6 Ra3+ 81. Kg4 Rf8 82. b6 Ra1 83. b7 Rg1+
84. Kh3 Rb1 85. Qc8 Rb6 86. Kg2 Rb2+ 87. Kh3 Kh7 88. Kg4 Kh8 89. Kh3 Rb3+ 90.
Kg4 Rb1 91. Kh3 Rg8 92. Qc6 Rb4 93. Qc8 Bf6 94. Qf5 0-1